Forecasting energy impacts of TSM actions : an overview /

Bibliographic Details
Main Author: Gross, Janis M.
Corporate Authors: United States. Department of Transportation, New York (State). Department of Transportation. Planning Division
Format: Book
Language:English
Published: Albany : New York State Dept. of Transportation, Planning Division, 1979.
Series:Preliminary research report ; no. 156.
Subjects:

MARC

Tag First Indicator Second Indicator Subfields
LEADER 00000cam a2200000 i 4500
001 in00000596621
005 20151014091305.0
008 800213s1979 nyu s00000 eng d
035 |a (OCoLC)05980783 
035 |9 ACQ7878AM 
040 |a CRA  |c CRA  |d m.c.  |d m/c  |d TXA  |d UtOrBLW 
049 1 |a TXA2 
090 |a HE1  |b .P7 no. 156 
100 1 |a Gross, Janis M. 
245 1 0 |a Forecasting energy impacts of TSM actions :  |b an overview /  |c Janis M. Gross. 
264 1 |a Albany :  |b New York State Dept. of Transportation, Planning Division,  |c 1979. 
300 |a ii, 23 pages ;  |c 28 cm. 
336 |a text  |b txt  |2 rdacontent 
337 |a unmediated  |b n  |2 rdamedia 
338 |a volume  |b nc  |2 rdacarrier 
490 1 |a Preliminary research report - Planning Division, New York State Dept. of Transportation ;  |v 156 
500 |a Cover title. 
500 |a Tables. 
500 |a Prepared with the financial assistance of the U.S. Dept. of Transportation. 
504 |a Bibliography: pages 21-23. 
650 0 |a Transportation  |x Energy consumption. 
650 0 |a Energy conservation  |z New York (State) 
710 1 |a United States.  |b Department of Transportation. 
710 1 |a New York (State).  |b Department of Transportation.  |b Planning Division. 
830 0 |a Preliminary research report ;  |v no. 156. 
999 |a MARS 
999 f f |s 6d53b27f-92c1-37b3-93ee-56e23242d3f6  |i d98e5fa4-a233-36cd-8b08-586badb42a98  |t 0 
952 f f |p ric  |a Texas A&M University  |b Rellis Campus  |c Joint Library Facility  |d Remote Storage  |t 0  |e HE1 .P7 no. 156  |h Library of Congress classification  |i unmediated -- volume  |m A14810726273 
998 f f |a HE1 .P7 no. 156  |t 0  |l Remote Storage